[Event "SIO (Reserve)"]
[Site "Twin Falls, ID"]
[Date "2015.11.14"]
[Round "4.3"]
[White "Catangcatang, Levi"]
[Black "Shepard, River"]
[Result "0-1"]
[WhiteElo "778"]
[BlackElo "553"]
[EventRounds "4"]
[EventCountry "USA"]

1. c4 e5 2. Nc3 Nf6 3. d3 b6 4. e4 c5 5. Nf3 Nc6 6. g3 d6 7. Bg2 Bg4 8. Bg5
Nd4 9. Bxf6 Qxf6 10. Nd5 Qh6 11. Nc7+ Kd8 12. Nxa8 Qh5 13. Qa4 Bxf3 14. Qxa7
Bxg2 15. Qc7+ Ke8 16. Qc8+ Ke7 17. Nc7 Qe2# 0-1